El nuevo derecho mexicano del trabajo: (Registro nro. 16652)

Detalles MARC
000 -Cabecera
Campo de control interno 00544nam a2200181Ia 4500
005 - Fecha y hora del registro
control field 20260306170325.0
008 - Elementos de Longitud Fija
fixed length control field 260306t2008||||xx |||||||||||||| ||und||
041 ## - Idioma
Codigo Idioma ESP
082 ## - DEWEY y NOTACIÓN INTERNA
Dewey 348.872
Notación Interna D37
100 ## - AUTOR
Autor denominación De la Cueva, Mario
Término de relación autor
245 #0 - TÍTULO DE MATERIAL BIBLIOGRÁFICO
Título El nuevo derecho mexicano del trabajo:
Título paralelo seguridad social, derecho colectivo del trabajo, sindicación, convenciones colectivas, conflictos de trabajo, la huelga
260 ## - CIUDAD, EDITORIAL, AÑO
Año 2008
300 ## - DESCRIPCIÓN
N° Páginas
Dimensiones 23 cm.
650 ## - TEMAS
Temas Generalidades
654 ## - PROGRAMAS
Programa Dpto. de Derecho y Ciencia Política
942 ## - ELEMENTOS DE KOHA
Tipo de documento Libro
Nombre del creador Justo Noguera
Código de catalogador Justo Noguera
Esquema de clasificación Dewey Decimal Classification
Suppress in OPAC
Existencias
Codigo completo Registro Colección Copia número Disponibilidad Tipo de préstamo Biblioteca Actual Procedencia (Biblioteca) Ubicacón Fecha Ingreso Tipo de Adquisición Date last seen Total checkouts Price effective from Tipo de Item Estado del Material Fuente de Clasificación Damaged status Withdrawn status
348.872 D37 1005337 Universidad Católica San Pablo 2 Disponible Disponible Víctor Andrés Belaunde Víctor Andrés Belaunde Primer piso 03/06/2026 Compra 06/03/2026   06/03/2026 Libro Bueno Dewey Decimal Classification